[Event "PRVA LIGA  CENTRALNE SRBIJE"]
[Site "Vrnjacka Banja"]
[Date "2012.10.03"]
[Round "7.2"]
[White "Rusev, Krasimir"]
[Black "Milenkovic, Mladen"]
[Result "1/2-1/2"]
[WhiteElo "2544"]
[BlackElo "2404"]
[PlyCount "24"]
[EventDate "2012.09.29"]

1. c4 Nf6 2. Nc3 g6 3. g3 Bg7 4. Bg2 O-O 5. e3 d6 6. Nge2 e5 7. d3 c6 8. e4
Nbd7 9. O-O Re8 10. h3 Nc5 11. Be3 a5 12. Qd2 Qc7 1/2-1/2

[Event "PRVA LIGA  CENTRALNE SRBIJE"]
[Site "Vrnjacka Banja"]
[Date "2012.10.03"]
[Round "7.3"]
[White "Mista, Aleksander"]
[Black "Pavlovic, Dejan S"]
[Result "0-1"]
[WhiteElo "2543"]
[BlackElo "2406"]
[PlyCount "98"]
[EventDate "2012.09.29"]

1. e4 c5 2. Nf3 Nc6 3. d4 cxd4 4. Nxd4 e5 5. Nb5 d6 6. N1c3 a6 7. Na3 b5 8. Nd5
Nge7 9. c4 Nd4 10. cxb5 Nxd5 11. exd5 Bd7 12. Be3 axb5 13. Bxd4 exd4 14. Bd3
Qa5+ 15. Kf1 Be7 16. Qe2 Rb8 17. Nc2 Kf8 18. h4 b4 19. Bc4 Qc5 20. Rd1 Bf6 21.
b3 Bf5 22. Ne1 h5 23. Nd3 Qa5 24. Nf4 g6 25. Qd2 Ra8 26. Bd3 Bxd3+ 27. Nxd3
Qxa2 28. Qxa2 Rxa2 29. Nxb4 Rb2 30. Rh3 Kg7 31. Nc6 Ra8 32. Rf3 Bxh4 33. Nxd4
Bf6 34. g3 Rb8 35. Rc3 Bxd4 36. Rxd4 R8xb3 37. Rxb3 Rxb3 38. Kg2 Kf6 39. Rf4+
Kg7 40. Rd4 g5 41. Rd1 Kf6 42. Rh1 Kg6 43. Rd1 Rb4 44. Rd3 h4 45. Kh3 hxg3 46.
fxg3 Kh5 47. Rd2 g4+ 48. Kg2 Kg5 49. Kf2 Kf5 0-1

[Event "PRVA LIGA  CENTRALNE SRBIJE"]
[Site "Vrnjacka Banja"]
[Date "2012.10.03"]
[Round "7.3"]
[White "Todorovic, Jovan"]
[Black "Misailovic, Nebojsa"]
[Result "1-0"]
[WhiteElo "2427"]
[BlackElo "2313"]
[PlyCount "61"]
[EventDate "2012.09.29"]

1. e4 c5 2. Nf3 Nc6 3. Bb5 g6 4. O-O Bg7 5. c3 a6 6. Bxc6 dxc6 7. d4 cxd4 8.
cxd4 Bg4 9. Be3 c5 10. Nbd2 cxd4 11. Bg5 f6 12. Bh4 e5 13. Qb3 Qd7 14. Rac1 Ne7
15. Nc4 Be6 16. Qxb7 Bxc4 17. Qxa8+ Kf7 18. Qxh8 Bxh8 19. Rxc4 g5 20. Bg3 Qb7
21. b3 Qxe4 22. Bxe5 g4 23. Re1 Qa8 24. Bg3 gxf3 25. Rc7 Kg6 26. Rcxe7 Qd5 27.
R7e6 Kf7 28. Rd6 Qc5 29. Rd7+ Kg6 30. gxf3 Bg7 31. Re4 1-0

[Event "PRVA LIGA  CENTRALNE SRBIJE"]
[Site "Vrnjacka Banja"]
[Date "2012.10.03"]
[Round "7.3"]
[White "Colovic, Dusan"]
[Black "Lapcevic, Milos"]
[Result "1-0"]
[WhiteElo "2383"]
[BlackElo "2396"]
[PlyCount "119"]
[EventDate "2012.09.29"]

1. d4 Nf6 2. Nc3 d5 3. Bf4 Bf5 4. e3 e6 5. Bd3 Bg6 6. Nf3 Bd6 7. Ne5 Nbd7 8.
Nxg6 hxg6 9. Bxd6 cxd6 10. Qf3 a6 11. O-O Qb6 12. Rab1 Ke7 13. Qd1 g5 14. f3
Rh4 15. Qe1 Rah8 16. h3 e5 17. Bf5 exd4 18. exd4+ Ne5 19. Ne2 g6 20. Bg4 Kf8
21. Qf2 Nc4 22. Ng3 Qa5 23. b3 Na3 24. Rbc1 Kg7 25. c4 dxc4 26. bxc4 d5 27.
cxd5 Nxd5 28. Rc5 Qd8 29. Qb2 Nb5 30. a4 Ndc3 31. axb5 Na4 32. Qa1 Nxc5 33.
dxc5+ Qf6 34. c6 Qxa1 35. Rxa1 bxc6 36. bxc6 f5 37. Bxf5 gxf5 38. Nxf5+ Kf6 39.
Nxh4 Rxh4 40. Rxa6 Rc4 41. Kf2 Kf5 42. Ke3 Ke5 43. Ra8 Rc3+ 44. Kf2 Rxc6 45. g4
Kf6 46. Rh8 Kg7 47. Rh5 Kg6 48. h4 gxh4 49. Rxh4 Rc2+ 50. Kg3 Rc3 51. Rh1 Ra3
52. Re1 Kg5 53. Re5+ Kf6 54. Rb5 Kg6 55. Rf5 Ra1 56. Re5 Ra3 57. Kf4 Ra6 58. g5
Rb6 59. Kg4 Rb1 60. Re6+ 1-0

[Event "PRVA LIGA  CENTRALNE SRBIJE"]
[Site "Vrnjacka Banja"]
[Date "2012.10.03"]
[Round "7.3"]
[White "Nestorovic, Lazar"]
[Black "Knezevic, Veljko"]
[Result "1-0"]
[WhiteElo "2384"]
[BlackElo "1915"]
[PlyCount "91"]
[EventDate "2012.09.29"]

1. e4 c5 2. Nf3 Nc6 3. d4 cxd4 4. Nxd4 g6 5. Nc3 Bg7 6. Be3 Nf6 7. Bc4 Qa5 8.
O-O O-O 9. Bb3 d6 10. h3 Bd7 11. Nf3 Rac8 12. Re1 Qc7 13. Qd2 a6 14. Rad1 Na5
15. Bh6 Nxb3 16. axb3 Bc6 17. Nd4 Rfd8 18. Bxg7 Kxg7 19. Qg5 e6 20. Re3 Qe7 21.
h4 h6 22. Qg3 Nh5 23. Qh2 e5 24. Nxc6 bxc6 25. g3 Qe6 26. Qg2 f5 27. Red3 Nf6
28. Ra1 fxe4 29. Nxe4 Nxe4 30. Qxe4 d5 31. Qb4 Rb8 32. Qc5 Ra8 33. Qb6 Rdb8 34.
Qc7+ Kg8 35. Rxa6 Rc8 36. Rxa8 Rxa8 37. Qb7 Ra1+ 38. Kg2 d4 39. Rf3 Qd5 40.
Qc8+ Kh7 41. Qf8 Ra7 42. Kh2 e4 43. Rf6 d3 44. Qe8 d2 45. Qxg6+ Kh8 46. Rf8+
1-0

[Event "PRVA LIGA  CENTRALNE SRBIJE"]
[Site "Vrnjacka Banja"]
[Date "2012.10.03"]
[Round "7.4"]
[White "Petkov, Vladimir"]
[Black "Atalik, Suat"]
[Result "1-0"]
[WhiteElo "2522"]
[BlackElo "2603"]
[PlyCount "93"]
[EventDate "2012.09.29"]

1. d4 d5 2. c4 e6 3. Nc3 Nf6 4. cxd5 exd5 5. Bg5 c6 6. Qc2 Be7 7. e3 Nbd7 8.
Bd3 Nh5 9. Bxe7 Qxe7 10. O-O-O Nb6 11. Kb1 g6 12. h3 Ng7 13. g4 Be6 14. f4
O-O-O 15. Nf3 Kb8 16. f5 Bc8 17. Qh2+ Ka8 18. Qe5 Qf8 19. f6 Ne8 20. Qf4 Be6
21. Ne5 Nd6 22. h4 h5 23. g5 Nd7 24. Nxd7 Rxd7 25. Na4 Bg4 26. Rc1 Qb8 27. Rc3
Re8 28. Nc5 Qd8 29. Nxd7 Qxd7 30. Ka1 Bf5 31. Bf1 Re4 32. Qf2 Rg4 33. Rc1 Qe8
34. Qh2 Qd8 35. Bg2 Be4 36. Bh3 Rxh4 37. Qf2 Nf5 38. Bxf5 Rxh1 39. Rxh1 Bxf5
40. Rxh5 gxh5 41. Qxf5 h4 42. g6 fxg6 43. Qe6 h3 44. Qxh3 a5 45. f7 Qf8 46. Qd7
Ka7 47. a3 1-0

[Event "PRVA LIGA  CENTRALNE SRBIJE"]
[Site "Vrnjacka Banja"]
[Date "2012.10.03"]
[Round "7.4"]
[White "Zajic, Milan"]
[Black "Nikolic, Boban"]
[Result "1/2-1/2"]
[WhiteElo "2212"]
[BlackElo "2235"]
[PlyCount "31"]
[EventDate "2012.09.29"]

1. e4 d6 2. d4 Nf6 3. Nc3 g6 4. Nf3 Bg7 5. h3 a6 6. Bd3 O-O 7. Be3 e6 8. Qd2 b6
9. Bh6 Bb7 10. O-O-O Nbd7 11. e5 dxe5 12. dxe5 Nd5 13. Bxg7 Kxg7 14. Ne4 Qe7
15. a3 b5 16. h4 1/2-1/2

[Event "PRVA LIGA  CENTRALNE SRBIJE"]
[Site "Vrnjacka Banja"]
[Date "2012.10.03"]
[Round "7.5"]
[White "Pap, Gyula"]
[Black "Milanovic, Slavisa"]
[Result "0-1"]
[WhiteElo "2569"]
[BlackElo "2426"]
[PlyCount "74"]
[EventDate "2012.09.29"]

1. d4 e6 2. c4 Nf6 3. Nc3 Bb4 4. Qc2 c5 5. dxc5 Bxc5 6. Nf3 O-O 7. Bg5 a6 8. e4
d6 9. O-O-O Nbd7 10. e5 dxe5 11. Nxe5 Qa5 12. Nxd7 Nxd7 13. Ne4 Re8 14. Kb1 Qc7
15. g4 b6 16. Bd3 Nf8 17. h4 Bb7 18. Rhg1 Bxe4 19. Bxe4 Rac8 20. Rc1 f6 21. Be3
Bxe3 22. fxe3 a5 23. Qc3 Red8 24. Ka1 Qh2 25. Rh1 Qd2 26. Qb3 Nd7 27. Rhd1 Nc5
28. Qc2 Qxe3 29. Bxh7+ Kf8 30. Qg2 a4 31. Bb1 a3 32. bxa3 Na4 33. Qe4 Qxa3 34.
Rxd8+ Rxd8 35. Qc2 Rd4 36. Re1 Nc5 37. g5 Rd2 0-1

[Event "PRVA LIGA  CENTRALNE SRBIJE"]
[Site "Vrnjacka Banja"]
[Date "2012.10.03"]
[Round "7.5"]
[White "Ivanovic, Dragutin"]
[Black "Martinovic, Slobodan"]
[Result "1-0"]
[WhiteElo "2371"]
[BlackElo "2447"]
[Annotator ",lidija.glx"]
[PlyCount "64"]
[EventDate "2012.09.29"]

1. d4 Nf6 2. c4 d6 3. Nc3 Nbd7 4. Bg5 h6 5. Bh4 g5 6. Bg3 Nh5 7. e4 Nxg3 8.
hxg3 Bg7 9. f4 e6 10. Qd2 b6 11. Nf3 g4 12. Nh4 Bb7 13. Be2 h5 14. d5 Qf6 15.
e5 dxe5 16. Ne4 Qh6 17. Ng5 Nc5 18. O-O O-O 19. b4 exf4 20. gxf4 Na4 21. Rac1
Rad8 22. Rfd1 Nb2 23. Rf1 exd5 24. Nf5 Qg6 25. Qc2 Rfe8 26. Nxg7 Qxg7 27. cxd5
Bxd5 28. Bb5 c6 29. Bxc6 Bxc6 30. Qxc6 Nd3 31. Rc4 Qg6 32. Qxg6+ fxg6 {necitko}
1-0

[Event "PRVA LIGA  CENTRALNE SRBIJE"]
[Site "Vrnjacka Banja"]
[Date "2012.10.03"]
[Round "7.5"]
[White "Marinkovic, Ivan"]
[Black "Blesic, Vaso"]
[Result "1/2-1/2"]
[WhiteElo "2443"]
[BlackElo "2390"]
[PlyCount "75"]
[EventDate "2012.09.29"]

1. e4 c5 2. Nf3 g6 3. d4 cxd4 4. Nxd4 Nc6 5. g3 Bg7 6. Ne2 b5 7. Bg2 Rb8 8. O-O
Nf6 9. Nd4 Qb6 10. Nxc6 dxc6 11. a4 b4 12. Bf4 Bg4 13. a5 Qc5 14. Qc1 e5 15.
Be3 Qe7 16. c3 b3 17. f3 Be6 18. c4 O-O 19. Qc3 Rfd8 20. Nd2 Qb4 21. Qxb4 Rxb4
22. Rfc1 Bf8 23. Rc3 a6 24. Ra3 Rdb8 25. Bf1 Nd7 26. c5 Ra8 27. Be2 f5 28. Bd1
f4 29. Bf2 fxg3 30. hxg3 Bh6 31. Bxb3 Bxb3 32. Raxb3 Rab8 33. Rxb4 Rxb4 34. Nb3
Kf7 35. Kf1 Ke6 36. Ke2 Bf8 37. Kd1 h5 38. Ke2 1/2-1/2

[Event "PRVA LIGA  CENTRALNE SRBIJE"]
[Site "Vrnjacka Banja"]
[Date "2012.10.03"]
[Round "7.5"]
[White "Sandic, Vladeta"]
[Black "Arsovic, Goran"]
[Result "1/2-1/2"]
[WhiteElo "2338"]
[BlackElo "2435"]
[PlyCount "39"]
[EventDate "2012.09.29"]

1. d4 Nf6 2. c4 g6 3. Nc3 Bg7 4. e4 d6 5. h3 O-O 6. Nf3 e5 7. d5 Nh5 8. Nh2 Qe8
9. Be2 Nf4 10. Bf3 f5 11. O-O Na6 12. Re1 Qf7 13. exf5 Bxf5 14. Ne4 Bxe4 15.
Bxe4 Nc5 16. f3 Nxe4 17. fxe4 Qe7 18. Be3 a5 19. Qd2 Rf7 20. Rf1 1/2-1/2

[Event "PRVA LIGA  CENTRALNE SRBIJE"]
[Site "Vrnjacka Banja"]
[Date "2012.10.03"]
[Round "7.5"]
[White "Simonovic, Aleksandar"]
[Black "Sorgic, Dragan"]
[Result "1/2-1/2"]
[WhiteElo "2379"]
[BlackElo "2257"]
[PlyCount "27"]
[EventDate "2012.09.29"]

1. c4 d6 2. Nc3 g6 3. g3 Bg7 4. Bg2 Nd7 5. Nf3 e5 6. d4 Ngf6 7. O-O O-O 8. h3
Re8 9. Qc2 c6 10. Rd1 Qc7 11. dxe5 dxe5 12. Be3 Bf8 13. Na4 Nb6 14. Rac1
1/2-1/2

[Event "PRVA LIGA  CENTRALNE SRBIJE"]
[Site "Vrnjacka Banja"]
[Date "2012.10.03"]
[Round "7.6"]
[White "Djukic, Zeljko"]
[Black "Radovanovic, Jovica"]
[Result "1/2-1/2"]
[WhiteElo "2405"]
[BlackElo "2341"]
[PlyCount "29"]
[EventDate "2012.09.29"]

1. d4 Nf6 2. c4 e6 3. Nc3 Bb4 4. Bd2 O-O 5. a3 Bxc3 6. Bxc3 b6 7. Nf3 Bb7 8. g3
Ne4 9. Qc2 Nxc3 10. Qxc3 d6 11. Bg2 Nd7 12. O-O Qe7 13. Ne1 Bxg2 14. Nxg2 c5
15. dxc5 1/2-1/2

[Event "PRVA LIGA  CENTRALNE SRBIJE"]
[Site "Vrnjacka Banja"]
[Date "2012.10.03"]
[Round "7.6"]
[White "Bozovic, Nikola"]
[Black "Ilic, Zoran S"]
[Result "1/2-1/2"]
[WhiteElo "2252"]
[BlackElo "2311"]
[PlyCount "35"]
[EventDate "2012.09.29"]

1. d4 Nf6 2. c4 c5 3. d5 g6 4. Nc3 Bg7 5. Nf3 d6 6. g3 O-O 7. Bg2 e6 8. O-O
exd5 9. cxd5 a6 10. a4 Nbd7 11. Nd2 Re8 12. a5 b5 13. axb6 Nxb6 14. Nb3 Nc4 15.
Ra4 Nb6 16. Ra1 Nc4 17. Ra4 Nb6 18. Ra1 1/2-1/2

[Event "PRVA LIGA  CENTRALNE SRBIJE"]
[Site "Vrnjacka Banja"]
[Date "2012.10.03"]
[Round "7.6"]
[White "Djokic, Vladan"]
[Black "Misojcic, Miroslav"]
[Result "0-1"]
[WhiteElo "2334"]
[BlackElo "2253"]
[PlyCount "154"]
[EventDate "2012.09.29"]

1. e4 c5 2. Nf3 Nc6 3. Bb5 e6 4. Bxc6 bxc6 5. O-O Ne7 6. b3 Ng6 7. Bb2 f6 8.
Nc3 e5 9. Ne2 d5 10. d3 Bd6 11. c4 f5 12. cxd5 cxd5 13. exd5 O-O 14. Nd2 Bb7
15. f4 exf4 16. d4 Bxd5 17. Nc3 Be7 18. Nc4 Bxc4 19. bxc4 cxd4 20. Nd5 Bc5 21.
Bxd4 Qd6 22. Kh1 Rac8 23. Bc3 Rfe8 24. Rb1 Qa6 25. Rb5 Re4 26. Qb3 Bf8 27. c5
Kh8 28. Rd1 Bxc5 29. Rb7 Bd4 30. Rc7 Rg8 31. h3 Bxc3 32. Qxc3 Qe2 33. Qd3 Qb2
34. Qc3 Qe2 35. Qd3 Qxa2 36. Nc3 Qa5 37. Nxe4 Qxc7 38. Ng5 Qe7 39. Qxf5 Rf8 40.
Qg4 Qf6 41. Rd5 h6 42. Ne4 Qc6 43. Qd1 Qe6 44. Nc5 Qe3 45. Qd3 Qe1+ 46. Kh2 Nh4
47. Ne4 Qe3 48. Qxe3 fxe3 49. Re5 Ng6 50. Re6 Nf4 51. Re7 Rc8 52. Nd6 Rc2 53.
Kg3 Nxg2 54. Nf7+ Kg8 55. Ne5 e2 56. Re8+ Kh7 57. Nf3 e1=Q+ 58. Nxe1 Nxe1 59.
Rxe1 a5 60. Re6 a4 61. Ra6 Rc4 62. Kg2 h5 63. Kg3 g6 64. Ra7+ Kg8 65. Kg2 h4
66. Kf3 g5 67. Ra5 Rc3+ 68. Ke4 Rxh3 69. Rxg5+ Kf7 70. Ra5 a3 71. Kf4 Rg3 72.
Ra6 Rb3 73. Kf5 h3 74. Ra7+ Ke8 75. Ke6 Re3+ 76. Kd6 h2 77. Rh7 a2 0-1

[Event "PRVA LIGA  CENTRALNE SRBIJE"]
[Site "Vrnjacka Banja"]
[Date "2012.10.03"]
[Round "7.6"]
[White "Urosevic, Zoran"]
[Black "Djukic, Stevan"]
[Result "0-1"]
[WhiteElo "2255"]
[BlackElo "2256"]
[PlyCount "130"]
[EventDate "2012.09.29"]

1. e4 e6 2. d4 d5 3. Nc3 Bb4 4. e5 Qd7 5. Bd2 b6 6. f4 Ba6 7. Nce2 Bf8 8. Nf3
Ne7 9. c3 h5 10. g3 Nf5 11. Bh3 g6 12. Bxf5 gxf5 13. Be3 c5 14. Kf2 Nc6 15. Qd2
Be7 16. Neg1 Na5 17. b3 Qb5 18. Qe2 Rc8 19. Qxb5+ Bxb5 20. dxc5 bxc5 21. Rd1
O-O 22. Ne2 Kg7 23. Rhg1 Rg8 24. h3 Kf8 25. Nc1 Nb7 26. Ne1 Bd8 27. Nc2 Ba6 28.
Rd2 Bb6 29. b4 Ke7 30. a4 cxb4 31. cxb4 Bc4 32. a5 Bxe3+ 33. Kxe3 Bb5 34. Nd4
Rc3+ 35. Kf2 Bc4 36. Nce2 Ra3 37. Rc1 Rc8 38. Rc3 Ra4 39. Rb2 Nd8 40. Ke3 Rb8
41. Nc2 Nc6 42. Ned4 Nxa5 43. Ra3 Rxa3+ 44. Nxa3 Kd7 45. Rb1 Nc6 46. Nxc6 Kxc6
47. Kd4 Rg8 48. Rg1 h4 49. g4 fxg4 50. hxg4 Be2 51. g5 Bf3 52. Rc1+ Kb6 53. Ke3
Bg2 54. Kf2 Be4 55. Kg1 Rh8 56. Kh2 Bf5 57. b5 Kb7 58. Nb1 Rc8 59. Rxc8 Kxc8
60. Nd2 d4 61. Kg2 Kc7 62. Kf2 h3 63. Kg3 Kb6 64. Nc4+ Kc5 65. Nd6 Bg6 0-1

[Event "PRVA LIGA  CENTRALNE SRBIJE"]
[Site "?"]
[Date "2012.10.03"]
[Round "7"]
[White "Sergej Kasparov"]
[Black "Chatalbaschev Boris"]
[Result "1/2-1/2"]
[WhiteElo "2482"]
[BlackElo "2549"]
[PlyCount "25"]
[EventDate "2012.??.??"]

1. d4 d5 2. c4 c6 3. cxd5 cxd5 4. Nf3 Nc6 5. Nc3 Nf6 6. Bf4 Bf5 7. e3 e6 8. Bd3
Bxd3 9. Qxd3 Bd6 10. Bxd6 Qxd6 11. O-O O-O 12. Rfc1 Rfc8 13. h3 1/2-1/2

[Event "PRVA LIGA  CENTRALNE SRBIJE"]
[Site "?"]
[Date "2012.10.03"]
[Round "7"]
[White "Ignjatovic Predrag"]
[Black "Ristic Nenad"]
[Result "0-1"]
[WhiteElo "2294"]
[BlackElo "2422"]
[PlyCount "44"]
[EventDate "2012.??.??"]

1. e4 c5 2. Nf3 e6 3. c3 Nf6 4. e5 Nd5 5. d4 cxd4 6. cxd4 b6 7. Nc3 Nxc3 8.
bxc3 Qc7 9. Bd2 Be7 10. Bd3 Ba6 11. Qe2 Bxd3 12. Qxd3 O-O 13. O-O d6 14. exd6
Qxd6 15. Ne5 Nd7 16. f4 Rac8 17. a4 Rfd8 18. Rf3 g6 19. Rh3 Bf6 20. Be1 Nxe5
21. fxe5 Bxe5 22. Bh4 Rxc3 0-1

[Event "PRVA LIGA  CENTRALNE SRBIJE"]
[Site "?"]
[Date "2012.10.03"]
[Round "7"]
[White "Zivkovic Sava"]
[Black "Todorovic Goran N"]
[Result "0-1"]
[WhiteElo "2351"]
[BlackElo "2388"]
[PlyCount "92"]
[EventDate "2012.??.??"]

1. e4 d6 2. d4 Nf6 3. Nc3 g6 4. g3 Bg7 5. Bg2 Nbd7 6. Nge2 O-O 7. h3 c5 8. O-O
Rb8 9. a4 b6 10. Be3 Bb7 11. g4 cxd4 12. Bxd4 h6 13. f4 Nc5 14. Ng3 a6 15. a5
Ne8 16. b4 Nd7 17. Bxg7 Nxg7 18. Qd2 bxa5 19. bxa5 Qc7 20. Kh2 Rfc8 21. Nge2
Ba8 22. Qd3 Qa7 23. Rfb1 Rxb1 24. Rxb1 Ne6 25. Nd5 Re8 26. Nb6 Nec5 27. Qc4 Rb8
28. Qb4 Qc7 29. Nc3 Bc6 30. Ncd5 Bxd5 31. exd5 Qd8 32. Bf1 Nxb6 33. axb6 Nd7
34. Bxa6 Rxb6 35. Bb5 Nc5 36. Qe1 Rb7 37. c4 Ra7 38. Qe2 Qa5 39. Bc6 Qc3 40.
Rb8+ Kg7 41. g5 hxg5 42. fxg5 Nd3 43. Rb1 Ne5 44. Rf1 Ra3 45. Qg2 Qxc4 46. Rf2
Qa6 0-1

[Event "PRVA LIGA  CENTRALNE SRBIJE"]
[Site "?"]
[Date "2012.10.03"]
[Round "7"]
[White "Rajkovic Dusan"]
[Black "Begus Drasko"]
[Result "1/2-1/2"]
[WhiteElo "2409"]
[BlackElo "2314"]
[PlyCount "56"]
[EventDate "2012.??.??"]

1. d4 Nf6 2. c4 d6 3. Nc3 g6 4. e4 Bg7 5. f3 O-O 6. Bg5 c5 7. d5 e6 8. Nge2 h6
9. Be3 exd5 10. cxd5 Nbd7 11. Nc1 a6 12. a4 Ne5 13. Be2 Re8 14. O-O g5 15. Nd3
Ng6 16. Ra3 Bd7 17. b4 c4 18. Ne1 Nh5 19. Bd4 Bxd4+ 20. Qxd4 Nhf4 21. Nc2 Rc8
22. Re1 Ne5 23. Kh1 h5 24. Ne3 h4 25. h3 Qf6 26. Bf1 Nh5 27. Ne2 c3 28. Nc2 Ra8
1/2-1/2

[Event "PRVA LIGA  CENTRALNE SRBIJE"]
[Site "?"]
[Date "2012.10.03"]
[Round "7"]
[White "Indjic Aleksandar"]
[Black "Marinkovic Slavisa"]
[Result "1-0"]
[WhiteElo "2494"]
[BlackElo "2398"]
[PlyCount "73"]
[EventDate "2012.??.??"]

1. d4 Nf6 2. c4 g6 3. Nc3 d5 4. Nf3 Bg7 5. Bf4 O-O 6. e3 c5 7. dxc5 Qa5 8. Rc1
dxc4 9. Bxc4 Qxc5 10. Bb3 Qa5 11. O-O Na6 12. Bc4 Nc5 13. Nd4 Bd7 14. a3 Nce4
15. Nxe4 Nxe4 16. Bc7 Qd2 17. Qb3 Nc5 18. Bxf7+ Rxf7 19. Rxc5 Bxd4 20. Rc2 Be6
21. Rxd2 Bxb3 22. Rxd4 Rc8 23. Be5 Rc2 24. f3 Be6 25. Rd8+ Rf8 26. Rxf8+ Kxf8
27. Bc3 Re2 28. e4 Bb3 29. Rc1 Rc2 30. Re1 g5 31. h3 Kf7 32. f4 gxf4 33. Rf1
Be6 34. Rxf4+ Kg6 35. Rf8 Bd7 36. Rg8+ Kh6 37. Be5 1-0